Datum a čas kvízu
31
Celkem bodů
Celkový počet nahraných bodů na tomto kvízu bez doplňovacích otázek.
5.
Pořadí na kvízu
Konečné umístění týmu na tomto kvízu.
Zaznamenané odpovědi
| # | Otázka | Odpověď | Body | Výsledky |
|---|---|---|---|---|
| 1. | Minulý týden připravili pracov... | D) šaliny | 0 | |
| 2. | Ve čtvrtek ustála předsedkyně... | Pfizergate | 0 | |
| 3. | Slavná polská režisérka Agnies... | Franz | 0 | |
| 4. | Nedávno jsme se zmiňovali o ak... | moa, Nový Zéland | 0 | |
| 5. | Který český sportovec či sport... | Kateřina Siniaková, smíšená čtyřhra (mix) | 0.5 | |
| 6. | Chcete-li vidět něco, co velmi... | Moravská Sahara | 0 | |
| 7. | Poblíž Františkových Lázní se... | Soos | 0 | |
| 8. | Tuto přírodní rezervaci najdem... | Prachovské skály | 0 | |
| 9. | Nyní se podíváme na nejdelší j... | Koněpruské jeskyně | 1 | |
| 10. | Nesmíme opomenout Národní park... | C) Kamenice | 0 |